KOHA-Header-6

Professional Issues in Information Technology (Record no. 1500)

000 -LEADER
fixed length control field 00334nam a2200133Ia 4500
008 - FIXED-LENGTH DATA ELEMENTS--GENERAL INFORMATION
fixed length control field 190723s9999 xx 000 0 und d
020 ## - INTERNATIONAL STANDARD BOOK NUMBER
International Standard Book Number 978-1-78017-180-7
100 ## - MAIN ENTRY--PERSONAL NAME
Personal name Frank Bott
245 #0 - TITLE STATEMENT
Title Professional Issues in Information Technology
250 ## - EDITION STATEMENT
Edition statement 2rd
260 ## - PUBLICATION, DISTRIBUTION, ETC. (IMPRINT)
Place of publication, distribution, etc UK
Name of publisher, distributor, etc BCS Chartered
Date of publication, distribution, etc 2014
300 ## - PHYSICAL DESCRIPTION
Extent 189:p
942 ## - ADDED ENTRY ELEMENTS (KOHA)
Koha item type Books
Holdings
Withdrawn status Lost status Damaged status Not for loan Permanent Location Current Location Date acquired Full call number Barcode Date last seen Price effective from Koha item type
        MAJU MAJU 2019-07-23 4.068 8123 2019-07-23 2019-07-23 Books

Powered by Koha